000
00286nam a22001217a 4500
008
171221b xxu||||| |||| 00| 0 eng d
041
_a
eng
080
_a
316
100
_a
50
101
_a
SOC
245
_a
ORGAN HISTORICAL SOCIETY ORGAN ATLAS 2011
_c
WASHINGTON,D.C
942
_2
udc
_c
BK
999
_c
39264
_d
39264